MARC

Tag First Indicator Second Indicator Subfields
LEADER 00000cam a2200000 a 4500
001 in00001404489
005 20151020052245.0
008 970806s1997 dcu f000 0 eng d
010 |a gp 97066684  
035 |a (OCoLC)37427455 
035 |9 AHM3374AM 
040 |d XBM  |d GPO  |d DLC  |d MvI  |d UtOrBLW 
043 |a n-us--- 
074 |a 0582 
086 0 |a HH 1.2:R 25/EXEC.SUM. 
110 1 |a United States.  |b Department of Housing and Urban Development. 
245 1 0 |a HUD 2020 :  |b management reform plan : executive summary. 
246 3 0 |a Management reform plan 
264 1 |a Washington, D.C. (451 Seventh St. S.W., Washington 20410) :  |b U.S. Department of Housing and Urban Development,  |c [1997] 
300 |a 24 pages ;  |c 28 cm. 
336 |a text  |b txt  |2 rdacontent 
337 |a unmediated  |b n  |2 rdamedia 
338 |a volume  |b nc  |2 rdacarrier 
500 |a Cover title. 
500 |a Shipping list number: 97-0308-P. 
650 0 |a Housing authorities  |x Management. 
650 0 |a Housing authorities  |x Reorganization. 
650 0 |a Downsizing of organizations. 
650 0 |a Housing policy. 
610 1 0 |a United States.  |b Department of Housing and Urban Development  |x Management. 
610 1 0 |a United States.  |b Department of Housing and Urban Development.  |x Reorganization. 
610 1 0 |a United States.  |b Department of Housing and Urban Development  |x Appropriations and expenditures. 
999 |a MARS 
999 f f |s 824fd1f3-8304-35bf-ab01-8c94cad3f09d  |i 07e6b56d-6a59-3233-a8b8-c79ed885cb3e  |t 0 
952 f f |p normal  |a Texas A&M University  |b College Station  |c Sterling C. Evans Library  |d Evans: US Documents (Annex 5th floor)  |t 0  |e HH 1.2:R 25/EXEC.SUM.  |h Superintendent of Documents classification  |i unmediated -- volume  |m A14826989978 
998 f f |a HH 1.2:R 25/EXEC.SUM.  |t 0  |l Evans: US Documents (Annex 5th floor)